000 00401nam a2200157Ia 4500
008 230917s9999||||xx |||||||||||||| ||und||
040 _e44661
_aMAIN
041 _aEnglish
082 _a338.10973 C848A
100 _aCramer, Gail L
245 0 _aAgricultural economics and agribusiness
250 _a2nd ed.
260 _aNew York
_bJohn Wiley & Sons
_c1982
300 _axiii, 465 p.
942 _cBK
999 _c62987
_d62987